000 00697nam a2200229Ia 4500
005 20260430150106.0
008 008 250103s9999 xx 000 0 eng d
037 _aTheses
040 _aCRL
040 _beng
040 _ceng
041 _2eng
041 _aeng
084 _qCRL
100 _aMalhotra Priya Au.; Sinha Pankaj Gu.
_91236433
245 0 _aMutual funds in India: alternative measures of performance evaluation, emerging issues and dynamic role of financial intermediation
260 _c2022
300 _a250p.
700 _aUniversity of Delhi. Faculty of Management studies. Department if Management Studies
_91236434
942 _cTH
999 _c1848927
_d1848927